Ulrike Ottinger : the autobiography of art cinema /
Saved in:
| Hovedforfatter: | |
|---|---|
| Format: | Bog |
| Sprog: | engelsk |
| Udgivet: |
Minneapolis :
University of Minnesota Press,
c2008
|
| Tags: |
Ingen Tags, Vær først til at tagge denne postø!
|
MARC
| LEADER | 00000nam a22000007i 4500 | ||
|---|---|---|---|
| 001 | IT\ICCU\UBO\3580715 | ||
| 003 | ItRI | ||
| 005 | 20260115232006.0 | ||
| 008 | 090223s2008 xxu|||||| ||||| |||||c | ||
| 020 | |a 9780816653300 | ||
| 020 | |a 9780816653317 | ||
| 040 | |b ita |c importazione bologna sebina | ||
| 041 | 7 | |a eng |2 ISO-639-2 | |
| 100 | 1 | |a Rickels, Laurence A. |0 IT\ICCU\TO0V\076237 |4 aut | |
| 245 | 1 | 0 | |a Ulrike Ottinger : |b the autobiography of art cinema / |c Laurence A. Rickels. |
| 260 | |a Minneapolis : |b University of Minnesota Press, |c c2008 | ||
| 300 | |a 207 p. : |b ill. ; |c 23 cm. | ||
| 942 | |2 ddc |c BK |n 0 | ||
| 952 | |0 0 |1 0 |4 0 |6 DOC_791_430000000000000_RIC |7 0 |9 18582 |a BO |b BO |d 2026-01-15 |i 12455 |l 0 |o DOC 791.430 RIC |p BO12455 |r 2026-01-15 23:20:06 |w 2026-01-15 |x [Sebina 5] [1 v.] |y BK |z 1 v. | ||
| 999 | |c 15746 |d 15746 | ||